000 00753nam a2200229Ia 4500
003 GCL
008 140319s9999 xx 000 0 ara d
040 _aGCL /
_cGCL
082 0 4 _a920
_bأ ك
100 1 _aاحمد فؤاد الاهوانى
245 1 0 _aالكندى فيلسوف العرب /
_cاحمد فؤاد الاهوانى
260 _a[S.N] :
_bالهيئة المصرية العامة للكتاب ،
_c1985
300 _a319 ص
490 _aاعلام العرب
_v0
650 0 4 _aالفلسفة الاسلامية
650 0 4 _aالفلسفة
650 0 4 _aالفلاسفةاليونانيون
650 0 4 _aالفلاسفة المسلمون
650 0 4 _aالفلاسفة العرب
650 0 4 _aكندى
942 _2ddc
_cBK
999 _c28386
_d28386